Aktywni skoczkowie narciarscy mający najwięcej punktów PŚ w karierze - Statystyki

Ogólne statystyki
  • Ten quiz został rozwiązany 36 razy
  • Średni wynik to 26 z 40
Statystyki odpowiedzi
Wskazówka Odpowiedź % Poprawnych
🟩10. 6 770 pkt Domen Prevc
97%
🟩4. 10 887 pkt Ryoyu Kobayashi
97%
🥇 16 237 pkt Stefan Kraft
97%
🟨12. 6 579 pkt Dawid Kubacki
94%
🟧26. 1 703 pkt Junshiro Kobayashi
92%
🟩8. 7 364 pkt Piotr Żyła
89%
🟩5. 8 035 pkt Karl Geiger
81%
🟩7. 7 713 pkt Johan Andre Forfang
81%
🟩6. 7 828 pkt Andreas Wellinger
78%
🟩9. 7 189 pkt Anze Lanisek
78%
🥉 12 318 pkt Noriaki Kasai
78%
🥈 12 886 pkt Simon Ammann
78%
🟨20. 2 601 pkt Maciej Kot
78%
🟨15. 5 170 pkt Marius Lindvik
78%
🟨11. 6 637 pkt Halvor Egner Granerud
78%
🟨17. 4 561 pkt Timi Zajc
75%
🟧23. 2 051 pkt Ren Nikaido
72%
🟥34. 1238 pkt Aleksander Zniszczoł
69%
🟥35. 1211 pkt Antti Aalto
69%
🟨19. 3 250 pkt Gregor Deschwanden
69%
🟨18. 3 328 pkt Pius Paschke
67%
🟨14. 5 210 pkt Jan Hoerl
67%
🟥38. 1035 pkt Paweł Wąsek
67%
🟥37. 1150 pkt Stephan Embacher
67%
🟥33. 1286 pkt Wladimir Zografski
64%
🟨16. 4 843 pkt Daniel Tschofenig
61%
🟧22. 2 265 pkt Yukiya Sato
61%
🟧29. 1 507 pkt Naoki Nakamura
58%
🟧24. 1 904 pkt Philip Raimund
58%
🟧25. 1 844 pkt Kristoffer Eriksen Sundal
53%
🟥39. 816 pkt Jakub Wolny
47%
🟥32. 1338 pkt Killian Peier
44%
🟧27. 1 676 pkt Lovro Kos
44%
🟨13. 5 222 pkt Roman Koudelka
44%
🟥40. 801 pkt Clemens Aigner
42%
🟥36. 1161 pkt Maximilian Ortner
42%
🟥31. 1365 pkt Ziga Jelar
36%
🟧21. 2 537 pkt Taku Takeuchi
31%
🟧30. 1496 pkt Constantin Schmid
28%
🟧28. 1 606 pkt Philip Aschenwald
25%
Nie znaleziono quizów pasujących do podanych kryteriów
Rozkład punktacji
Procent ludzi z każdym wynikiem
Percentyl według liczby udzielonych odpowiedzi
Twoja historia wyników
Nie rozwiązałeś tego quizu